000 01135nam0a22002771 4500
001 rc\1080411
005 20250622140357.0
035 _a(NLR Aleph) 006328821
090 _a7523343
_c7523343
100 _a20041126d1983 |||y0rusy50 ca
101 0 _arus
102 _aRU
105 _aa |||||||||
200 1 _aСовершенствование планирования развития морского флота
_e[Сб. статей
_fНауч. ред. к. т. н. А.Г. Щелканов]
210 _aЛ.
_cТранспорт. Ленингр. отд-ние
_d1983
215 _a87 с.
_cил.
_d21
225 1 _aСборник научных трудов
_fЦНИИ мор. флота
_vВып. 284
300 _aНа обл. загл. сер.: Труды
300 _aВ надзаг. также: М-во мор. флота СССР, Всесоюз. об-ние "Мортехинформреклама"
320 _aБиблиогр. в конце статей
702 1 _aЩелканов
_bА.Г.
_4340
801 0 _aRU
_bNLR
_gpsbo
801 1 _aRU
_bELAR
_2rusmarc
852 _aNLR
_jП10/952
942 _cBOOK
980 _aNB